| 000 | 00623nam a2200217Ia 4500 | ||
|---|---|---|---|
| 003 | OSt | ||
| 005 | 20220928145501.0 | ||
| 006 | a|||||r|||| 00| 0 | ||
| 007 | ta | ||
| 008 | 220927b |||||||| |||| 00| 0 eng d | ||
| 024 | _a80806 | ||
| 037 | _cTextual | ||
| 040 |
_aSDCL _cSDCL _beng |
||
| 041 |
_2eng _aeng |
||
| 082 | _aG:68p3,N85, M6 | ||
| 100 |
_aClarke B C Ed. _9513164 |
||
| 245 | 0 |
_aEvolution of DNA sequences _b Proceeding of a Royal Society discussion meeting held on 13 and 14 March 1985 |
|
| 260 | _c1986 | ||
| 942 |
_hG:68p3,N85, M6 _cTEXL _2CC |
||
| 999 |
_c833813 _d833813 |
||